Lecciones de Derecho Urbans̕tico de la Comunidad de Madrid

Detalles Bibliográficos
Autor principal: Menňdez Rexach, aÌ‚Angel
Otros Autores: Iglesias Gonzl̀ez, Felipe
Formato: Desconocido
Lenguaje:español
Publicado: [Madrid] : Montecorvo, 2004
Materias:
Acceso en línea:Acceso restringido

MARC

LEADER 00000ny a22000003n 4500
005 20110524135236.0
008 080625s2004 sp s 000 0 spa c
020 |a 8471114372 
035 |a 1736 
040 |a UMA.RE  |d vLex 
080 |a 349.44(460.27)(0.034) 
090 |c 226  |d 226 
100 1 |a Menňdez Rexach, aÌ‚Angel 
245 1 0 |a Lecciones de Derecho Urbans̕tico de la Comunidad de Madrid   |h [Recurso electrn̤ico]  |c aÌ‚Angel Menňdez Rexach, Felipe Iglesias Gonzl̀ez 
256 |a Servicio en ln̕ea 
260 |a [Madrid] :  |b Montecorvo,  |c 2004 
506 1 |a Contenido solo disponible en los productos indicados  |d vLex Global  |d vLex Global (Academic Edition, excluding Law Schools)  |d vLex Global (U.S. Academic Edition, Law Schools)  |d vLex Global (U.S. Academic Edition, excluding Law Schools)  |d vLex Global (Academic Edition, Law Schools) 
650 0 7 |a Urbanizaciones  |2 Tesauro vLex 
650 0 7 |a Inmobiliario y registral  |2 Tesauro vLex 
650 0 7 |a Derecho urbans̕tico  |2 Tesauro vLex 
700 1 |a Iglesias Gonzl̀ez, Felipe 
740 0 |a vLex Libros (Servicios en ln̕ea) 
856 4 0 |u http://vlex.com/source/1736  |z Acceso restringido 
942 |c BOOK 
999 0 |a City planning and redevelopment law  |b Spain